000 00548cas a22001815a 4500
001 L138308
008 070525c20012001xxkur p 0 a0eng d
035 _a(Sirsi) u138308
041 0 _aeng
110 2 _aRoyal Institution of Chartered Surveyors
_bYorkshire Branch
_91085
245 0 0 _aYorkshire Branch News
260 _aLeeds
_bRICS
_c[198?]-2001
362 0 _a(40) March/September 1993-(67) March/May 2000
554 _aUnknown
651 4 _aYorkshire
_y1888-
690 _aMANAGEMENT-BUSINESS MANAGEMENT-PROFESSIONAL PRACTICE
942 _n0
999 _c118969
_d118969